000 00854nam a22002177a 4500
999 _c398
_d398
003 AR-CdUCM
008 190223b ||||| |||| 00| 0 spa d
040 _aMUNICIPALIDAD PROVINCIAL DEL CUSCO
_cBIBLIOTECA MUNICIPAL DEL CUSCO
082 _a830.4 /
_bH41.
100 _aDe Goethe, a Thomas Mann
_91597
245 _aIntroducción a la literatura alemana /
_cDe Goethe, a Thomas Mann
260 _aLima :
_bUniversidad Peruana Cayetano Heredia
_c1977.
300 _a235 paginas ;
_bil,
_c25cm.
505 _aGoethe y el fausto -- Reflexiones sobre schiller -- Novalis -- La poesía como meditación -- Las relaciones entre la literatura peruana y alemana....
650 _aLiteratura Peruana
_9441
650 _aLiteratura Alemana
_993
650 _aPoesia
_91598
700 _aSobrevilla, David
_91599
942 _2ddc
_cLIBROS
945 _apjha
_d2019-02-23